000
00272nam a2200109Ia 4500
008
220204s9999 xx 000 0 und d
082
_a
66(083)
_b
MIN
245
0
_a
Practical formulary
260
_a
New York
_b
Van Nostrand
_c
1957
700
_a
Minrath, William R
942
_c
BK
999
_c
20397
_d
20397